Decimal to Binary Quiz - Statistics

General Stats
  • This quiz has been taken 417 times
  • The average score is 7 of 20
Answer Stats
Decimal Binary % Correct
80 01010000
83%
146 10010010
67%
218 11011010
64%
5 00000101
60%
7 00000111
60%
8 00001000
60%
35 00100011
60%
33 00100001
58%
76 01001100
57%
139 10001011
57%
9 00001001
56%
64 01000000
56%
239 11101111
56%
109 01101101
55%
148 10010100
55%
224 11100000
55%
18 00010010
54%
101 01100101
54%
21 00010101
53%
19 00010011
50%
26 00011010
50%
54 00110110
50%
78 01001110
50%
103 01100111
50%
149 10010101
50%
199 11000111
50%
201 11001001
50%
203 11001011
50%
254 11111110
50%
255 11111111
50%
2 00000010
47%
83 01010011
47%
228 11100100
47%
14 00001110
46%
36 00100100
46%
59 00111011
46%
3 00000011
45%
23 00010111
45%
94 01011110
45%
186 10111010
45%
32 00100000
44%
40 00101000
44%
51 00110011
44%
56 00111000
44%
90 01011010
44%
100 01100100
44%
136 10001000
44%
192 11000000
44%
38 00100110
43%
41 00101001
43%
42 00101010
43%
134 10000110
43%
135 10000111
43%
209 11010001
43%
217 11011001
43%
249 11111001
43%
6 00000110
42%
24 00011000
42%
25 00011001
42%
72 01001000
42%
225 11100001
42%
45 00101101
41%
169 10101001
41%
11 00001011
40%
15 00001111
40%
84 01010100
40%
88 01011000
40%
106 01101010
40%
160 10100000
40%
231 11100111
40%
1 00000001
38%
29 00011101
38%
47 00101111
38%
62 00111110
38%
63 00111111
38%
138 10001010
38%
153 10011001
38%
158 10011110
38%
178 10110010
38%
179 10110011
38%
190 10111110
38%
196 11000100
38%
204 11001100
38%
232 11101000
38%
240 11110000
37%
12 00001100
36%
22 00010110
36%
55 00110111
36%
70 01000110
36%
144 10010000
36%
220 11011100
36%
251 11111011
36%
253 11111101
36%
147 10010011
35%
16 00010000
33%
17 00010001
33%
39 00100111
33%
46 00101110
33%
49 00110001
33%
50 00110010
33%
67 01000011
33%
92 01011100
33%
93 01011101
33%
99 01100011
33%
111 01101111
33%
121 01111001
33%
122 01111010
33%
165 10100101
33%
167 10100111
33%
185 10111001
33%
208 11010000
33%
227 11100011
33%
235 11101011
33%
237 11101101
33%
241 11110001
33%
250 11111010
33%
30 00011110
31%
53 00110101
31%
123 01111011
31%
140 10001100
31%
151 10010111
31%
180 10110100
31%
245 11110101
31%
13 00001101
30%
20 00010100
30%
85 01010101
30%
128 10000000
30%
132 10000100
30%
175 10101111
30%
212 11010100
30%
31 00011111
29%
79 01001111
29%
130 10000010
29%
166 10100110
29%
171 10101011
29%
184 10111000
29%
194 11000010
29%
206 11001110
29%
89 01011001
27%
105 01101001
27%
176 10110000
27%
177 10110001
27%
198 11000110
27%
216 11011000
27%
229 11100101
27%
236 11101100
27%
242 11110010
27%
243 11110011
27%
60 00111100
25%
61 00111101
25%
75 01001011
25%
119 01110111
25%
133 10000101
25%
164 10100100
25%
191 10111111
25%
95 01011111
23%
113 01110001
23%
145 10010001
23%
150 10010110
23%
172 10101100
23%
207 11001111
23%
222 11011110
23%
57 00111001
22%
96 01100000
22%
115 01110011
22%
129 10000001
22%
142 10001110
22%
230 11100110
22%
58 00111010
21%
81 01010001
21%
97 01100001
21%
131 10000011
21%
137 10001001
21%
157 10011101
21%
202 11001010
21%
210 11010010
21%
10 00001010
20%
34 00100010
20%
43 00101011
20%
71 01000111
20%
77 01001101
20%
91 01011011
20%
107 01101011
20%
127 01111111
20%
188 10111100
20%
221 11011101
20%
247 11110111
20%
252 11111100
20%
48 00110000
19%
118 01110110
19%
246 11110110
19%
28 00011100
18%
44 00101100
18%
69 01000101
18%
104 01101000
18%
120 01111000
18%
143 10001111
18%
200 11001000
18%
4 00000100
17%
37 00100101
17%
68 01000100
17%
98 01100010
17%
116 01110100
17%
152 10011000
17%
161 10100001
17%
214 11010110
17%
226 11100010
17%
233 11101001
17%
187 10111011
15%
211 11010011
15%
73 01001001
14%
82 01010010
14%
114 01110010
14%
159 10011111
14%
162 10100010
14%
174 10101110
14%
195 11000011
14%
213 11010101
14%
215 11010111
14%
110 01101110
13%
163 10100011
13%
182 10110110
13%
189 10111101
13%
223 11011111
13%
86 01010110
11%
87 01010111
11%
155 10011011
11%
170 10101010
11%
173 10101101
11%
112 01110000
10%
126 01111110
10%
141 10001101
10%
248 11111000
10%
65 01000001
9%
102 01100110
9%
238 11101110
9%
244 11110100
9%
27 00011011
8%
108 01101100
8%
197 11000101
8%
154 10011010
7%
52 00110100
0%
66 01000010
0%
74 01001010
0%
117 01110101
0%
124 01111100
0%
125 01111101
0%
156 10011100
0%
168 10101000
0%
181 10110101
0%
183 10110111
0%
193 11000001
0%
205 11001101
0%
219 11011011
0%
234 11101010
0%
No matching quizzes found
Score Distribution
Percent of People with Each Score
Percentile by Number Answered
Your Score History
You have not taken this quiz